000 00250nam a2200097Ia 4500
001 694937
005 20250826161943.0
008 250824s9999 xx 000 0 und d
245 0 _aGÜVERCİNİN KANATLARI
_cHENRY JAMES
260 _bTÜRKİYE İŞ BANKASI
999 _c694937
_d694937